Viaje a la India / (Record no. 34947)

MARC details
000 -LEADER
campo de control de longitud fija 00888nam a2200253 i 4500
001 - NÚMERO DE CONTROL
campo de control 34947
003 - IDENTIFICADOR DE NÚMERO DE CONTROL
campo de control ES-MaACL
005 - FECHA Y HORA DE LA ÚLTIMA TRANSACCIÓN
campo de control 20231229062540.0
007 - CAMPO FIJO DE DESCRIPCIÓN FÍSICA--INFORMACIÓN GENERAL
campo de control de longitud fija t|
008 - DATOS DE LONGITUD FIJA--INFORMACIÓN GENERAL
campo de control de longitud fija 030211s1957 sp ||||1| spa d
100 1# - ENTRADA PRINCIPAL--NOMBRE DE PERSONA
Nombre de persona Bonsels, Waldemar.
9 (RLIN) 30299
245 10 - MENCIÓN DEL TÍTULO
Título Viaje a la India /
Mención de responsabilidad, etc. Waldemar Bonsels ; traducción del alemán por Gaby Maurer de la Serna y Consuelo Bergés ; nota preliminar de F.S.R. ; recordatorio por Concha Espina.
250 ## - MENCION DE EDICION
Mención de edición [2ª ed.].
260 ## - PUBLICACIÓN, DISTRIBUCIÓN, ETC.
Lugar de publicación, distribución, etc. Madrid :
Nombre del editor, distribuidor, etc. Aguilar,
Fecha de publicación, distribución, etc. [1957]
300 ## - DESCRIPCIÓN FÍSICA
Extensión 533 p., 1 lám. ;
Dimensiones 12 cm.
490 1# - MENCIÓN DE SERIE
Mención de serie Crisol ;
Designación de volumen o secuencia 89
700 1# - ENTRADA AGREGADA--NOMBRE PERSONAL
Nombre de persona Maurer de la Serna, Gaby.
9 (RLIN) 79242
700 1# - ENTRADA AGREGADA--NOMBRE PERSONAL
Nombre de persona Berges, Consuelo.
9 (RLIN) 27982
700 1# - ENTRADA AGREGADA--NOMBRE PERSONAL
Nombre de persona Espina, Concha,
Fechas asociadas al nombre 1869-1955
9 (RLIN) 47834
700 1# - ENTRADA AGREGADA--NOMBRE PERSONAL
Nombre de persona Sainz de Robles, Federico Carlos,
Fechas asociadas al nombre 1898-1982
9 (RLIN) 101593
830 0# - PUNTO DE ACCESO ADICIONAL DE SERIE-TÍTULO UNIFORME
Título uniforme Crisol ;
Designación de volumen o secuencia 89
9 (RLIN) 180848
852 ## - LOCALIZACIÓN
Ubicación ES-MaACL
Número de control de estantería D-8420
Sublocalización o colección R.40429
Holdings
Estatus retirado Estado de pérdida Estado de daño No para préstamo Biblioteca de origen Biblioteca actual Ubicación en estantería Fecha de adquisición Fuente de adquisición Total de préstamos Signatura topográfica completa Código de barras Visto por última vez Precio de reemplazo Tipo de ítem Koha
        Biblioteca del Ateneo de Madrid Biblioteca del Ateneo de Madrid Sala Valle Inclán 17/01/2008     D-8420 901036502 23/02/2023 23/02/2023 Libro impreso